| 000 -ლიდერი |
| ფიქსირებული სიგრძის საკონტროლო ველი |
01952nam a2200289Ia 4500 |
| 001 - საკონტროლო ნომერი |
| საკონტროლო ველი |
16140 |
| 003 - საკონტროლო ნომრის იდენტიფიკატორი |
| საკონტროლო ველი |
GE_BSU |
| 005 - ბოლო ოპერაციის თარიღი და დრო |
| საკონტროლო ველი |
20241206103043.0 |
| 008 - ფიქსირებული სიგრძის მონაცემთა ელემენტები - ზოგადი ინფორმაცია |
| ფიქსირებული სიგრძის საკონტროლო ველი |
181216s2015||||ge |||||||||||||| ||geo|| |
| 020 ## - წიგნის საერთაშორისო სტანდარტული ნომერი |
| International Standard Book Number |
9789941210280 |
| 040 ## - კატალოგიზაციის წყარო |
| Transcribing agency |
GE_BSU |
| 041 ## - ენის კოდი |
| Language code of text/sound track or separate title |
geo |
| 080 ## - უნივერსალური ათობითი კლასიფიკაციის ინდექსი |
| Universal Decimal Classification number |
27-36 წ-714 |
| 245 ## - ცნობა სათაურის შესახებ |
| Title |
წმინდა იოანე ნათლისმცემელი ; წმინდა მართა (ლაზარეს და) უფლის 70 მოციქულთავანნი ; მოციქულთა მოწაფენი / |
| Statement of responsibility, etc |
შემდგ. სოფიო თავაძე ; გარეკანის დიზაინი ეთერ გზირიშვილი. |
| 264 ## - წარმოების, გამოცემის, დისტრიბუციის და სხვა ცნობები |
| გამოცემის, წარმოების, დისტრიბუციის... ადგილი |
თბილისი : |
| გამოცემის, წარმოების, დისტრიბუციის... სახელწოდება |
პალიტრა L, |
| გამოცემის, წარმოების, დისტრიბუციის... თარიღი |
2015. |
| 300 ## - ფიზიკური აღწერა |
| Extent |
189 გვ. : |
| Other physical details |
ილ. ; |
| Dimensions |
20 სმ. |
| 490 ## - სერიის ცნობა |
| Series statement |
საქართველოს იმედი II : ყველა წმინდანი, რომელთა შესახებაც უნდა იცოდე, 2298-0547 / პროექტის რედაქტორი თამარ მამაცაშვილი ; |
| Volume number/sequential designation |
წიგნი 20 |
| 500 ## - ზოგადი შენიშვნა |
| General note |
იბეჭდება სრ. საქ. კათოლიკოს–პატრიარქის ილია II–ის ლოცვა–კურთხევით |
| 653 ## - INDEX TERM--UNCONTROLLED |
| Uncontrolled term |
რელიგია |
| 653 ## - INDEX TERM--UNCONTROLLED |
| Uncontrolled term |
წმინდა იოანე ნათლისმცემელი |
| 653 ## - INDEX TERM--UNCONTROLLED |
| Uncontrolled term |
წმინდა მართა (ლაზარეს და) უფლის 70 მოციქულთავანნი |
| 653 ## - INDEX TERM--UNCONTROLLED |
| Uncontrolled term |
მოციქულთა მოწაფენი |
| 700 ## - ADDED ENTRY--PERSONAL NAME |
| Personal name |
თავაძე, სოფიო |
| Relator term |
შემდგენელი |
| 9 (RLIN) |
23878 |
| 700 ## - ADDED ENTRY--PERSONAL NAME |
| Personal name |
გზირიშვილი, ეთერ |
| Relator term |
გარეკანის დიზაინი |
| 9 (RLIN) |
23879 |
| 942 ## - ADDED ENTRY ELEMENTS (KOHA) |
| Koha item type |
წიგნი |
| Source of classification or shelving scheme |
|